Normal view
MARC view
Entry Personal Name
001 - CONTROL NUMBER
- control field: 39794
003 - CONTROL NUMBER IDENTIFIER
- control field: ARRUPE
005 - DATE AND TIME OF LATEST TRANSACTION
- control field: 20180228124359.0
008 - FIXED-LENGTH DATA ELEMENTS
- fixed length control field: 180228|| aca||aabn | a|a d
040 ## - CATALOGING SOURCE
- Original cataloging agency: ARRUPE
- Transcribing agency: ARRUPE
100 ## - HEADING--PERSONAL NAME
- Personal name: Thompson, Francis Robert
670 ## - SOURCE DATA FOUND
- Source citation: Work cat.: (ARRUPE)85581: Thompson, Francis Robert, Matabele Thompson:, 1977